Grandes batallas de la historia

保存先:
書誌詳細
第一著者: Laffin, John (著者)
フォーマット: 図書
言語:スペイン語
出版事項: Buenos Aires El Ateneo 2004
版:1a. ed
シリーズ:Secretos de los maestros de la estrategia
主題:
タグ: タグ追加
タグなし, このレコードへの初めてのタグを付けませんか!

MARC

LEADER 00000nam a2200000 a 4500
001 UCG2269
003 CL-VaPUC
008 100701e20040600AG |||||||||||||||||spa|d
020 |a 9789500263832 
082 0 4 |a 909  |b LAF  |2 21 
100 |a Laffin, John  |e author  |9 550688 
245 1 0 |a Grandes batallas de la historia 
250 |a 1a. ed 
300 |a 332 p 
942 |c BK 
945 |d 20100701 00:00:00  |a dcastane 
260 |a Buenos Aires  |b El Ateneo  |c 2004 
650 0 |a Guerras  |9 255273 
650 0 |a Historia  |9 255047 
583 |a last modification  |c 20100701 00:00:00  |k Rodrigo Vera 
490 0 |a Secretos de los maestros de la estrategia 
999 |c 341490  |d 341488 
952 |0 0  |1 0  |4 0  |6 909_000000000000000_LAF_2004  |7 0  |8 A  |9 437040  |a BIBHIS  |b BIBHIS  |d 2019-11-22  |i 4693167  |o 909 LAF 2004  |p 4693167  |r 2025-01-20  |w 2019-11-22  |y BK  |k HIS